000 01359cam a22002294a 4500
005 20250605164009.0
008 250528s ||||||||||||||||||||||||d
035 _a15894
020 _a321263545
040 _aGR-AtMCL
_bgre
_dGR-AtMCL
_eAACR2
245 1 _aDistributed Systems / Concepts and Design Fourth Edition
250 _a4th
260 _bAddison-Wesley Publishing Company,
_c2005
300 _a932
520 _aA comprehensive course of material on the principles and practice of distributed computer systems and the exciting new developments based on them, using a wealth of modern case studies to illustrate their design and development. Preface, Characterization of Distributed Systems, System Models, Networking and Internetworking, Inter Process Communication, Distributed Objects and Remote Invocation, Operating System Support, Security, Distributed File Systems, Name Services, Peer-to Peer Systems, Time and Global States, Coordination and Agreement, Transactions and Concurrency Control, Distributed Transaction, Replication, Mobile and Ubiquitous Computing, Distributed Multimedia Systems, Distributed Shared Memory, Web Services, Cobra Case Study, References, Index.
700 1 _aCoulouris George
_9819
700 1 _aDollimore Jean
_9820
700 1 _aKindberg Tim
_9821
942 _cBK
999 _c1442
_d1442